000 00527cam a2200145 4500500
005 20251012012117.0
041 _afre
042 _adc
100 1 0 _aRobin, Anne
_eauthor
245 0 0 _aVanessa Nurock : “En adoptant la logique du care, on se défait du fantasme de maîtrise absolue”
260 _c2021.
500 _a97
786 0 _nPhilosophie magazine | 146 | 2 | 2021-02-01 | p. 34-34 | 1951-1787
856 4 1 _uhttps://shs.cairn.info/magazine-philosophie-magazine-2021-2-page-34?lang=fr&redirect-ssocas=7080
999 _c1525531
_d1525531